000 00843nam a2200241Ia 4500
003 GCL
008 140319s9999 xx 000 0 ara d
040 _aGCL /
_cGCL
082 0 4 _a962.05
_bص س
100 1 _aصبرى ابوالمجد
245 1 0 _aسنوات ماقبل الثورة 1952-1930 /
_cصبرى ابوالمجد
260 _a[S.N] :
_bالهيئة المصرية العامة للكتاب ،
_c1987
300 _a735 ص ؛
_c24سم
650 0 4 _aالاحوال السياسية
650 0 4 _aالمقاومة الشعبية
650 0 4 _aالاحزاب السياسية
650 0 4 _aالصحافة المصرية
650 0 4 _aالملك فؤاد
650 0 4 _aالملك فاروق
650 0 4 _aالاحتلال البريطانى
650 0 4 _aمصر - تاريخ - العصر الحديث
942 _2ddc
_cBK
999 _c28163
_d28163